000 00269nam a22001217a 4500
008 171123b xxu||||| |||| 00| 0 eng d
041 _aeng
080 _a54
100 _a11
101 _aBIO
245 _aBIOCHEMISTRY SHORT COURSES
_cALBERT.L.L
942 _2udc
_cBK
999 _c38386
_d38386